• 首页
  • 本馆介绍
  • 公告通知
  • 最新文献
  • 馆藏检索
  • 电子资源
  • 读者导购
  • 参考咨询
  • 我的图书馆
  • 登录
  • 详细信息显示
  • 放入我的书架
  • 预约/预借图书
  • 作者相关作品
  • 分类相关作品
  • 丛书相关作品
  • 出版社相关作品

书目信息

  • 表格格式
  • 工作单格式
  • 卡片格式
书名: Statistics in language studies =
作者: Anthony Woods, Paul Fletcher and Arthur Hughes著 ; 林连书导读.
分册号:
分册名:
出版地: 北京 :
 
出版社: 外语教学与研究出版社
出版时间: 2000.
页数: 37, 327 p. :
开本: 23 cm.
丛书名: 当代国外语言学与应用语言学文库
中图分类号:
科图分类号:
其他分类号: H0-32
主题词:
电子资源:
000 01996nam a2200757 a 4500
001 E0732378824
003 CAL
005 20070819090153.87
008 850911s2000 cc a rb 001 0 eng d
020    @a7560019269 :@cCNY29.90.
040    @aECNU@cECN
050  4 @aP138.5@b.W66 1986
082 04 @a519.5@219
090    @aH0-32
093    @aH0-32@24
099    @dH0-32@ex143
100 1  @aWoods, Anthony.
245 10 @aStatistics in language studies = :@b语言研究中的统计学 / @cAnthony Woods, Paul Fletcher and Arthur Hughes著 ; 林连书导读.
246 31 @a语言研究中的统计学
260    @a北京 :@b外语教学与研究出版社,@c2000.
300    @a37, 327 p. :@bill. ;@c23 cm.
440  0 @a当代国外语言学与应用语言学文库
504    @aIncludes bibliographical references (p. 316-318) and index.
534    @aReprint. Originally published: Cambridge :@cCambridge University Press, 1986.
650  0 @aLinguistics@xStatistical methods.
700 1  @aHughes, Arthur,@d1941-
700 1  @a林连书
700 1  @aFletcher, Paul.
920    @a211010@z1
920    @a232010@z1
920    @a231010@z1
920    @a243160@z2
920    @a211030@z2
920    @a231220@z2
920    @a244050@z2
920    @a242120@z2
920    @a214010@z2
920    @a212010@z2
920    @a211410@z1
920    @a237010@z1
920    @a231280@z2
920    @a211050@z2
920    @a237385@z2
920    @a211260@z1
920    @a211060@z1
920    @a215010@z1
920    @a211162@z1
920    @a246060@z0
920    @a251430@z2
920    @a246010@z1
920    @a222220@z1
920    @a211180@z2
920    @a236010@z2
920    @a241061@z1
920    @a223140@z1
920    @a222020@z2
920    @a221060@z1
920    @a211270@z1
920    @a211390@z1
920    @a242250@z2
920    @a246040@z1
920    @a222010@z1
920    @a261020@z1
920    @a242020@z2
920    @a244020@z2
998    @aECN
    
    Statistics in language studies = : : 语言研究中的统计学 / / Anthony Woods, Paul Fletcher and Arthur Hughes著 ; 林连书导读.-北京 : : 外语教学与研究出版社, , 2000.
    37, 327 p. : : ill. ; ; 23 cm.- (当代国外语言学与应用语言学文库)
    Includes bibliographical references (p. 316-318) and index.-Reprint. Originally published: Cambridge :
    
    ISBN 7560019269 :CNY29.90.
    
●
相关链接 在E读中查询图书 在五车中查询图书 在当当中查询图书 在豆瓣中查询图书


正题名:Statistics in language studies =     索取号:H0-32/x143         预约/预借

序号 登录号 条形码 馆藏地/架位号 状态 备注
1 16806   300168066   第二样本阅览室/ [索取号:H0-32/x143] 在馆    
2 16807   300168075   第四借阅区/ [索取号:H0-32/x143] 在馆    
3 16808   300168084   第四借阅区/ [索取号:H0-32/x143] 在馆    
4 16809   300168093   第四借阅区/ [索取号:H0-32/x143] 在馆    
5 16810   300168100   第四借阅区/ [索取号:H0-32/x143] 在馆    
唐山师范学院图书馆 欢迎您!
大连网信软件有限公司© 版权所有